The orbit method in geometry and physics : in honor of A.A. Kirillov
Αποθηκεύτηκε σε:
| Άλλοι συγγραφείς: | , , |
|---|---|
| Μορφή: | Βιβλίο |
| Γλώσσα: | English |
| Δημοσίευση: |
Boston :
Birkhauser,
c2003.
|
| Σειρά: | Progress in mathematics (Boston, Mass.)
; 213 |
| Θέματα: | |
| Ετικέτες: |
Προσθήκη ετικέτας
Δεν υπάρχουν, Καταχωρήστε ετικέτα πρώτοι!
|
MARC
| LEADER | 00000cam a2200000 i 4500 | ||
|---|---|---|---|
| 001 | 1/44975 | ||
| 008 | 031110s2003 mau ||| | eng|| | ||
| 020 | |a 0817642323 | ||
| 035 | |l 10071643 | ||
| 040 | |a GR-MyUA |b gre |e AACR2 | ||
| 041 | 0 | |a eng | |
| 082 | 0 | |a 512.55 | |
| 245 | 1 | 4 | |a The orbit method in geometry and physics : |b in honor of A.A. Kirillov / |c Christian Duval, Laurent Guieu, Valentin Ovsienko, editors. |
| 260 | |a Boston : |b Birkhauser, |c c2003. | ||
| 300 | |a xii, 472 σ. : |b εικ. ; |c 24 εκ. | ||
| 490 | 1 | |a (Progress in mathematics |v ; 213) | |
| 504 | |a Περιέχει βιβλιογραφικές παραπομπές. | ||
| 650 | 0 | 0 | |a Orbit method. |
| 700 | 1 | |a Kirillov, A. A. |q (Aleksandr Aleksandrovich), |d 1936- |e hnr | |
| 700 | 1 | |a Duval, Christian, |e edt | |
| 700 | 1 | |a Guieu, Laurent, |e edt | |
| 700 | 1 | |a Ovsienko, Valentin, |e edt | |
| 830 | 0 | |a Progress in mathematics (Boston, Mass.) |v ; 213 | |
| 852 | |a INST |b SAMOS |e 20031110 |h 512.55 ORB |p 005300023697 |q 005300023697 |t BK |y 0 | ||
| 901 | |a BIBL3-2003-3 | ||
| 909 | |a Σ |b 106837 | ||
| 922 | |a 3ΕΛΗ |b 200309 |c ΕΠΕΑΕΚ2/ΤΜΗΜΑ ΜΑΘΗΜΑΤΙΚΩΝ |d ΜΙΧΑΛΟΠΟΥΛΟΣ | ||
| 970 | |a ΠΟΥΡΝΑΡΑΣ |b ΔΗΜΗΤΡΗΣ |z 2003/11/13 | ||